000 00945nmm a2200313 a 4500
003 AR-BaBNM
005 20251128205119.0
008 246019s1961 ||||||||||||||000 | spa||
040 _cAR-BaBNM
245 1 0 _aTeatro italiano contemporáneo
_bCristo ha matado ; Corrupción en el Palacio de Justicia ; Inquisición ; Lidia o el infinito ; Miedo de sí mismo ; Mi familia
260 _aMadrid
_bAguilar
_c1961
300 0 _a484 p.
500 0 _aContiene índice general en p. 485
650 4 _aTEATRO
650 4 _aLITERATURA CONTEMPORANEA
650 4 _aGUERRAS MUNDIALES
650 4 _aSIGLO VEINTE
650 4 _aLITERATURA ITALIANA
653 _aVANGUARDIAS LITERARIAS
655 _aLITERATURA
700 1 _aCallegari, Gian Paolo
700 1 _aBetti, Ugo
700 1 _aFabbri, Diego
700 1 _aGiovaninetti, Silvio
700 1 _aBompiani, Valentino
700 1 _aFilippo, Eduardo de
942 _cBK
998 _cisola
999 _c10042
_d10042